Logic and theism (Record no. 99671)
[ view plain ]
| 000 -LEADER | |
|---|---|
| fixed length control field | 00756nam a2200229Ia 4500 |
| 003 - CONTROL NUMBER IDENTIFIER | |
| control field | 0100 |
| 008 - FIXED-LENGTH DATA ELEMENTS--GENERAL INFORMATION | |
| fixed length control field | 130307s9999 xx 000 0 und d |
| 020 ## - INTERNATIONAL STANDARD BOOK NUMBER | |
| International Standard Book Number | 0521826071 |
| 040 ## - CATALOGING SOURCE | |
| Transcribing agency | ARRUPELIB |
| 050 ## - LIBRARY OF CONGRESS CALL NUMBER | |
| Classification number | BT103.S63 2003 |
| 300 ## - PHYSICAL DESCRIPTION | |
| Other physical details | 652 p. 24 cm. |
| 100 ## - MAIN ENTRY--PERSONAL NAME | |
| Personal name | Sobel, Jordan Howard |
| 245 ## - TITLE STATEMENT | |
| Title | Logic and theism |
| 245 ## - TITLE STATEMENT | |
| Remainder of title | arguments for and against beliefs in God |
| 260 ## - PUBLICATION, DISTRIBUTION, ETC. (IMPRINT) | |
| Place of publication, distribution, etc | Cambridge ;New York : |
| 260 ## - PUBLICATION, DISTRIBUTION, ETC. (IMPRINT) | |
| Name of publisher, distributor, etc | Cambridge University Press |
| 260 ## - PUBLICATION, DISTRIBUTION, ETC. (IMPRINT) | |
| Date of publication, distribution, etc | 2004. |
| 300 ## - PHYSICAL DESCRIPTION | |
| Extent | xix |
| 650 ## - SUBJECT ADDED ENTRY--TOPICAL TERM | |
| Topical term following geographic name as entry element | Pentecostalism--Addresses, essays, lectures |
| 856 ## - ELECTRONIC LOCATION AND ACCESS | |
| Uniform Resource Identifier | <a href="http://www.loc.gov/catdir/toc/cam051/2002034954.html http://www.loc.gov/catdir/description/cam051/2002034954.html http://www.loc.gov/catdir/samples/cam041/2002034954.html">http://www.loc.gov/catdir/toc/cam051/2002034954.html http://www.loc.gov/catdir/description/cam051/2002034954.html http://www.loc.gov/catdir/samples/cam041/2002034954.html</a> |
| 942 00 - ADDED ENTRY ELEMENTS (KOHA) | |
| Koha issues (borrowed), all copies | 1 |
| Withdrawn status | Lost status | Source of classification or shelving scheme | Damaged status | Not for loan | Collection code | Home library | Current library | Shelving location | Date acquired | Total Checkouts | Full call number | Barcode | Date last seen | Date checked out | Copy number | Price effective from | Koha item type |
|---|---|---|---|---|---|---|---|---|---|---|---|---|---|---|---|---|---|
| Library of Congress Classification | Main Collection | ARRUPE LIBRARY | ARRUPE LIBRARY | 07/03/2013 | 1 | BT103.S63 2003 | 46003087416 | 11/01/2017 | 21/08/2013 | 1 | 07/03/2013 | Monograph ( Printed materials) |